Управление проектами: конспект лекций; учебное пособие
| Institution som forfatter: | |
|---|---|
| Andre forfattere: | |
| Summary: | Заглавие с титульного экрана Электронная версия печатной публикации В пособии рассмотрены основные принципы управления проектами с примерами основных документов по подготовке и осуществлению проектной деятельности. Предназначено для студентов, обучающихся по направлению 034700 "Документоведение и архивоведение", профиль подготовки "Документоведение и документационное обеспечение управления". Режим доступа: из корпоративной сети ТПУ |
| Sprog: | russisk |
| Udgivet: |
Томск, Изд-во ТПУ, 2013
|
| Fag: | |
| Online adgang: | http://www.lib.tpu.ru/fulltext2/m/2014/m145.pdf |
| Format: | Electronisk Bog |
| KOHA link: | https://koha.lib.tpu.ru/cgi-bin/koha/opac-detail.pl?biblionumber=263918 |
MARC
| LEADER | 00000nlm0a2200000 4500 | ||
|---|---|---|---|
| 001 | 263918 | ||
| 005 | 20231101233801.0 | ||
| 035 | |a (RuTPU)RU\TPU\book\286909 | ||
| 090 | |a 263918 | ||
| 100 | |a 20140614d2013 m y0rusy50 ca | ||
| 101 | 0 | |a rus | |
| 102 | |a RU | ||
| 105 | |a a j 001zy | ||
| 135 | |a drcn ---uucaa | ||
| 181 | 0 | |a i | |
| 182 | 0 | |a b | |
| 200 | 1 | |a Управление проектами |b Электронный ресурс |e конспект лекций |e учебное пособие |f Национальный исследовательский Томский политехнический университет (ТПУ) ; сост. С. В. Маслова | |
| 203 | |a Текст |c электронный | ||
| 210 | |a Томск |c Изд-во ТПУ |d 2013 | ||
| 230 | |a 1 компьютерный файл (pdf; 1.0 MB) | ||
| 300 | |a Заглавие с титульного экрана | ||
| 300 | |a Электронная версия печатной публикации | ||
| 330 | |a В пособии рассмотрены основные принципы управления проектами с примерами основных документов по подготовке и осуществлению проектной деятельности. Предназначено для студентов, обучающихся по направлению 034700 "Документоведение и архивоведение", профиль подготовки "Документоведение и документационное обеспечение управления". | ||
| 333 | |a Режим доступа: из корпоративной сети ТПУ | ||
| 337 | |a Adobe Reader | ||
| 606 | 1 | |a Проектный менеджмент |2 stltpush |3 (RuTPU)RU\TPU\subj\69898 |9 84559 | |
| 610 | 1 | |a электронный ресурс | |
| 610 | 1 | |a учебные пособия | |
| 610 | 1 | |a труды учёных ТПУ | |
| 610 | 1 | |a управление | |
| 610 | 1 | |a проекты | |
| 610 | 1 | |a стоимость | |
| 610 | 1 | |a человеческие ресурсы | |
| 610 | 1 | |a временные затраты | |
| 610 | 1 | |a управление качеством | |
| 610 | 1 | |a качество | |
| 610 | 1 | |a риски | |
| 610 | 1 | |a социальные проекты | |
| 610 | 1 | |a сетевые графики | |
| 610 | 1 | |a диаграммы Ганта | |
| 610 | 1 | |a документы | |
| 686 | |a У9(2)212я73 |v LBC/SL-A |2 rubbk | ||
| 702 | 1 | |a Маслова |b С. В. |c социолог |c доцент Томского политехнического университета, кандидат философских наук |f 1972- |g Светлана Валериевна |2 stltpush |3 (RuTPU)RU\TPU\pers\27827 |4 220 | |
| 712 | 0 | 2 | |a Национальный исследовательский Томский политехнический университет (ТПУ) |b Институт социально-гуманитарных технологий (ИСГТ) |b Кафедра социологии, психологии и права (СОЦ) |h 41 |2 stltpush |3 (RuTPU)RU\TPU\col\18373 |
| 801 | 1 | |a RU |b 63413507 |c 20140614 | |
| 801 | 2 | |a RU |b 63413507 |c 20160616 |g RCR | |
| 856 | 4 | |u http://www.lib.tpu.ru/fulltext2/m/2014/m145.pdf | |
| 942 | |c CF | ||